[Event "Vrsar op"]
[Site "Vrsar"]
[Date "2023.05.01"]
[Round "9"]
[White "Brednev, Viacheslav"]
[Black "Kekic, Urban"]
[Result "0-1"]
[WhiteElo "1600"]
[BlackElo "1792"]
[PlyCount "56"]
[EventDate "2023.04.25"]
[EventType "swiss"]
[EventRounds "9"]
[EventCountry "CRO"]
[SourceTitle "CBM 214 Extra"]
[Source "ChessBase"]
[SourceDate "2023.07.31"]
[SourceVersion "1"]
[SourceVersionDate "2023.07.31"]
[SourceQuality "1"]

1. e4 c6 2. c4 d5 3. cxd5 cxd5 4. exd5 Nf6 5. Nf3 Nxd5 6. Bc4 e6 7. 0-0 Be7 8. Nc3 Nb6 9. Bb3 0-0 10. d4 N8d7 11. Re1 Nf6 12. Ne4 Nbd5 13. Nxf6+ Bxf6 14. Bc2 b6 15. Ne5 Bb7 16. a4 Qe7 17. Ra3 g6 18. Rh3 Bg5 19. Re4 Rfc8 20. Bxg5 Qxg5 21. Rg4 Qe7 22. Rgh4 Nf6 23. g4 Rc7 24. Qd2 Rac8 25. Rc3 Qb4 26. Rhh3 Qxb2 27. Nxf7 Rxc3 28. Bxg6 Rc1+ 0-1

[Event "Vrsar op"]
[Site "Vrsar"]
[Date "2023.04.30"]
[Round "8"]
[White "Usaj, Benjamin"]
[Black "Brednev, Viacheslav"]
[Result "0-1"]
[WhiteElo "1019"]
[BlackElo "1600"]
[PlyCount "80"]
[EventDate "2023.04.25"]
[EventType "swiss"]
[EventRounds "9"]
[EventCountry "CRO"]
[SourceTitle "CBM 214 Extra"]
[Source "ChessBase"]
[SourceDate "2023.07.31"]
[SourceVersion "1"]
[SourceVersionDate "2023.07.31"]
[SourceQuality "1"]

1. d4 d5 2. Bf4 Nf6 3. Nc3 Bg4 4. h3 Bh5 5. Nf3 Bxf3 6. exf3 Nbd7 7. Bd3 e6 8. 0-0 a6 9. a3 c5 10. dxc5 Bxc5 11. b4 Ba7 12. Re1 0-0 13. b5 Bd4 14. Qd2 Kh8 15. Rab1 axb5 16. Nxb5 Bc5 17. Bd6 b6 18. Bxc5 bxc5 19. Ra1 Qb6 20. Reb1 c4 21. Be2 Qa5 22. Qxa5 Rxa5 23. a4 Nc5 24. Rb4 Rb8 25. c3 Ne8 26. f4 Rba8 27. Bd1 g6 28. g4 Kg7 29. Kg2 h5 30. Kf3 hxg4+ 31. hxg4 Nf6 32. f5 Nfe4 33. Ra3 Nd3 34. Nc7 Rh8 35. Rb7 Rh3+ 36. Kg2 Nf4+ 37. Kg1 Ng5 38. Rb5 Rxa4 39. Bxa4 Nf3+ 40. Kf1 Rh1# 0-1